Представление документа в формате RUSMARC

ПолеНазваниеЗначение
  Тип записи a
  Библиографический уровень m
001 Контрольный номер RU/SLIB/B/208740796
005 Дата корректировки 20260128111507.1
010 Индекс ISBN __
d Цена 6-00
100 Данные общей обработки __
a Данные общей обработки 20260128d1992 m y0rusy028902 ca
101 Язык документа 0_
a Язык текста rus
102 Страна публикации __
a Страна публикации RU
105 Кодированные данные (монография) __
a Кодированные данные (монография) a z 000yy
181 Поле кодированных данных: вид содержания _0
a Код вида содержания (ISBD) i
182 Поле кодированных данных: тип средства _0
a Код типа средства (ISBD) n
200 Заглавие и сведения об ответственности 0_
a Заглавие Постройки на приусадебном участке
f Первые сведения об ответственности Рудаков Г. П.
203 Вид содержания и тип средства __
a Вид содержания Текст
c Тип средства непосредственный
210 Выходные данные 1_
a Место издания М.
c Издательство Знание
d Дата издания 1992
215 Физическое описание __
a Объем 64 с.
606 Тематические рубрики __
a Основная рубрика Сельское хозяйство
2 Код системы nlr_sh
606 Тематические рубрики __
a Основная рубрика Сельскохозяйственные постройки
2 Код системы nlr_sh
610 Ключевые слова 0_
a Ключевые слова постройки; приусадебные участки
686 Индексы других классификаций __
a Классификационный индекс 40.82; ст4
2 Код системы rubbks
700 Автор _1
a Фамилия Рудаков
b Имя Г. П.
4 Код отношения 070
801 Источник записи _0
a Страна RU
b Организация Муниципальное бюджетное учреждение культуры "Централизованная библиотечная система" г. Сургут (Центральная городская библиотека им. А. С. Пушкина)
g Правила каталогизации PSBO
c Дата составления 20060505
801 Источник записи _1
a Страна RU
b Организация Муниципальное бюджетное учреждение культуры "Централизованная библиотечная система" г. Сургут (Центральная городская библиотека им. А. С. Пушкина)
g Правила каталогизации PSBO
c Дата составления 20060505
852 Данные о местонахождении __
j Шифр хранения 40.82
c Каталожный индекс 38.752
i Авторский знак Р 83
p Инвентарный номер 47135
901 Тип документа __
t Тип документа m
a Ответственный КиК/Елгина
901 Тип документа __
a Ответственный СКБР2026
903 Характеристики (МАРС) __
a Дата передачи 20060505
c Наименование библиотеки (МАРС) Муниципальное бюджетное учреждение культуры "Централизованная библиотечная система" г. Сургут (Центральная городская библиотека им. А. С. Пушкина)
990 Данные о заказе (DOS) __
j Количество экземпляров (DOS) 4